• 首页
  • 本馆介绍
  • 公告通知
  • 最新文献
  • 馆藏检索
  • 电子资源
  • 读者导购
  • 参考咨询
  • 我的图书馆
  • 登录
  • 详细信息显示
  • 放入我的书架
  • 预约/预借图书
  • 作者相关作品
  • 分类相关作品
  • 丛书相关作品
  • 出版社相关作品

书目信息

  • 表格格式
  • 工作单格式
  • 卡片格式
题名:
保险基础知识
    
 
作者: 韩守论 编
分册:  
出版信息: 北京   高等教育出版社  1990.9
页数: 180页
开本: 19cm
丛书名:
单 册:
中图分类: F84
科图分类:
主题词: 保险
电子资源:
ISBN: 7-04-003029-2
000 00644nam0 2200241 45
001 0191020164
005 20061101082427.23
010    @a7-04-003029-2@dCNY1.10
100    @a19910816d1990 em y0chiy0121 ea
101 0  @achi
102    @aCN@b110000
105    @ay z 000yy
106    @ar
200 10 @a保险基础知识@ABAO XIAN JI CHU ZHI SHI@f韩守论编@FHAN SHOU LUN BIAN
210    @a北京@c高等教育出版社@d1990.9
215    @a180页@d19cm
300    @a中等职业技术学校试用教材
540 1  @a保险@ABAO XIAN
606 0  @a保险
690    @aF84
701  0 @a韩守论@AHAN SHOU LUN@4编
801  0 @aCN@bNLC@c20061101
905    @f1@b224443@dF84@e7
    
    保险基础知识/韩守论编.-北京:高等教育出版社,1990.9
    180页;19cm
    中等职业技术学校试用教材
    
    ISBN 7-04-003029-2:CNY1.10
    
●
相关链接 在E读中查询图书 在五车中查询图书 在当当中查询图书 在豆瓣中查询图书


正题名:保险基础知识     索取号:F84/7         预约/预借

序号 登录号 条形码 馆藏地/架位号 状态 备注
1 0224443   000492461   第一借阅区/ [索取号:F84/7] 在馆    
2 0224444   000492452   第一样本阅览室/ [索取号:F84/7] 在馆    
唐山师范学院图书馆 欢迎您!
大连网信软件有限公司© 版权所有